000 00474nam a2200157 i 4500
001 99554
003 ES-MaACL
005 20230906182521.0
007 t|
008 050913s1955 sp ||||1| spa d
100 1 _aMartínez, Manuel María.
_977786
245 1 0 _aFray Bartolomé de las Casas, "El gran calumniado" /
_cFr. Manuel Mª Martínez.
260 _aMadrid :
_b[s.n.],
_c1955 (
_fImp. La Rafa)
300 _a210 p. ;
_c21 cm.
852 _aES-MaACL
_jC-11358
_bR.39035
999 _c99554
_d99554